000 01559cam a22004574i 4500
003 PE-LiUPU
005 20250731173456.0
008 150616s1984 miu r 000 0 spa d
020 _a0825422892
035 _a(Sirsi) i9780825422898
040 _aPE-LiUPU
_bspa
_cPE-LiUPU
_erda
049 _aPRUA
082 0 4 _a228.07
_bB91
_221
100 1 _aBullinger, Ethelbert William,
_eautor.
245 1 0 _aCommentary on Revelation /
_cEthelbert William Bullinger.
264 1 _aGrand Rapids, Michigan :
_bKregel Publications,
_c1984.
300 _a734 páginas ;
_c22 centímetros
336 _atext
_2rdacontent
337 _aunmediated
_2rdamedia
338 _avolume
_2rdacarrier
505 0 _aComentarios del Libro de Apocalipsis apocalipsis.
526 _aSEG42
526 _aSEG41
526 _aSEG40
526 _aSEG39
526 _aP94
526 _aP87
526 _aP86
526 _aP85
526 _aP77
526 _aP76
526 _aP35
630 _aBiblia.
_pN.T.
_pApocalipsis
_xComentarios.
910 _ajck
_bjvq
_cjck
942 _2ddc
_cBOOK
949 _a228.07 B91
_wDEWEY
_c1
_i39981
_d2016-6-14
_e2016-6-12
_lCCODEBUL1
_mBUL
_n2
_r0
_sY
_tBOOK
_u2015-6-16
_xTEOLOGIA
_zUNKNOWN
_0COMPRA
_o.STAFF. Colección Teología
994 _aC0
_bPEPRU
596 _a1
999 _a228.07 B91
_wDEWEY
_c57758
_i39981
_d57758
_e2018-5-14
_f2021-11-9
_g5
_lCCODEBUL1
_mBUL
_n5
_p25.00
_q3
_r0
_sY
_tBOOK
_u2015-6-16
_xTEOLOGIA
_PP35
_0COMPRA
_o.STAFF. Colección Teología
980 _81
_gALBERTO SANCHEZ Responsable de Automatización